Catálogo

LA FUNDACION DE LA ESCUELA DE FILOSOFIA Y LETRAS DE LA UAP : (Registro nro. 42874)

Detalles MARC
000 -LEADER
fixed length control field 00970nam a2200205 a 4500
001 - CONTROL NUMBER
control field 42874
005 - DATE AND TIME OF LATEST TRANSACTION
control field 20180714021217.0
008 - FIXED-LENGTH DATA ELEMENTS--GENERAL INFORMATION
fixed length control field 140415s1990 mx 000 0 spa d
041 ## - LANGUAGE CODE
Language code of text/sound track or separate title spa
082 ## - DEWEY DECIMAL CLASSIFICATION NUMBER
Classification number 100.97248
Item number COL
100 1# - MAIN ENTRY--PERSONAL NAME
Personal name COLCHERO, CARLOS
245 13 - TITLE STATEMENT
Title LA FUNDACION DE LA ESCUELA DE FILOSOFIA Y LETRAS DE LA UAP :
Remainder of title ( ENSAYO DE UNA MEMORIAS )
250 ## - EDITION STATEMENT
Edition statement 1a ed.
260 ## - PUBLICATION, DISTRIBUTION, ETC.
Place of publication, distribution, etc. MEXICO :
Name of publisher, distributor, etc. UNIVERSIDAD AUTONOMA DE PUEBLA,
Date of publication, distribution, etc. 1990
300 ## - PHYSICAL DESCRIPTION
Extent 92
Dimensions x 13.05 x 20
490 ## - SERIES STATEMENT
Series statement CRONICAS Y TESTIMONIOS
500 ## - GENERAL NOTE
General note COLECCIÓN PUEBLA
520 ## - SUMMARY, ETC.
Summary, etc. EL AUTOR HACE UN REPASO DE LA VIDA DE LA ESCUELA DE FILOSOFIA Y LETRAS DESDE LA PRIMERAS DISCUSIONES PARA SU CREACION, HASTA FINALES DEL AÑO 1987 EN EL RECORRIDO POR ESTAS PAGINAS DE LA HISTORIA CENTRA SU ATENCION SOBRE ALGUNOS PASAJES DEL MOVIMIENTO DE REFORMA UNIVERSITARIA DEL QUE SE RECONOCE PATIDARIO POR SU CONTENIDO DEMOCRATICO Y DE JUSTICIA SOCIAL,
650 14 - SUBJECT ADDED ENTRY--TOPICAL TERM
Topical term or geographic name entry element ESCUELAS DE FILOSOFIA
Existencias
Withdrawn status Lost status Source of classification or shelving scheme Damaged status Not for loan Collection code Home library Current library Shelving location Date acquired Source of acquisition Inventory number Total Checkouts Full call number Barcode Date last seen Price effective from Koha item type
    Dewey Decimal Classification   Consulta en sala Puebla Biblioteca Karol Wojtyla Biblioteca Karol Wojtyla Área de silencio 03/12/2013 Compra 151000000000000000061839   100.97248 COL 1990 64617 05/01/2026 13/08/2015 Libro